Gespeichert in:
Bibliographische Detailangaben
Format: Text
Veröffentlicht: San José: Liberación Nacional. Alianza Popular. Unidad Social Cristiana. Pueblo Unido
Schlagworte:
Tags: Tag hinzufügen
Keine Tags, Fügen Sie den ersten Tag hinzu!

MARC

LEADER 00000 a a2200000 04500
001 29003
003
040
090 |a 186603  
260 |a San José:   |b Liberación Nacional. Alianza Popular. Unidad Social Cristiana. Pueblo Unido  
650 |a ELECCIONES  
650 |a GRUPOS DE INTERES  
650 |a GOBIERNO MILITAR  
650 |a CRISIS POLITICA  
999 |c 8101  |d 8101